|
|
|
|
| LEADER |
00000nam0a2200000 4500 |
| 001 |
680105 |
| 005 |
20250915131939.0 |
| 010 |
|
|
|a 978-5-94178-798-2
|
| 090 |
|
|
|a 680105
|
| 100 |
|
|
|a 20250507d2023 m||y0rusy50 ca
|
| 101 |
0 |
|
|a rus
|
| 102 |
|
|
|a RU
|
| 105 |
|
|
|a a j 001yy
|
| 181 |
|
0 |
|a i
|b e
|
| 182 |
|
0 |
|a n
|
| 183 |
|
0 |
|a nc
|2 RDAcarrier
|
| 200 |
1 |
|
|a Основы технологической и организационной подготовки производства медицинских изделий
|e учебное пособие
|f В. П. Вейнов, И. Н. Мусин
|
| 203 |
|
|
|a Текст
|b визуальный
|c непосредственный
|
| 210 |
|
|
|a Старый Оскол
|c ТНТ
|d 2023
|
| 215 |
|
|
|a 307 с.
|c ил.
|
| 283 |
|
|
|a volume
|2 RDAcarrier
|
| 320 |
|
|
|a Библиографический список: с. 239-244
|
| 330 |
|
|
|a В издании приведены основные сведения по технологической подготовке производства медицинских изделий. Рассмотрены особенности, принципы, цели и задачи стандартизации медицинских изделий. Рассмотрены виды технологических документов, особенности формирования комплектов технологических документов. Особое внимание уделяется методике оценки технологичности конструкторской документации, вопросу качества медицинских изделий, системе менеджмента качества, метрологическому обеспечению разработки и производства медицинских изделий, а также основному конструкторскому документу — техническим условиям. Приведены примеры метрологического обеспечения производства медицинских инструментов и методы испытаний. Рассмотрен промышленный регламент производства продукции с освещением примера производства конкретного медицинского инструмента. Изучение материала данного издания позволит подготовить специалиста для технологической подготовки производства медицинских изделий, профессионально подойти к разработке технологических процессов и оснащению их метрологическим оборудованием. Издание подготовлено на кафедре "Медицинская инженерия" федерального государственного бюджетного образовательного учреждения высшего образования "Казанский национальный исследовательский технологический университет".
|
| 606 |
|
|
|a Медицинские изделия
|9 84787
|
| 610 |
1 |
|
|a медицинские инструменты
|
| 610 |
1 |
|
|a испытания
|
| 610 |
1 |
|
|a производство
|
| 610 |
1 |
|
|a разработка
|
| 610 |
1 |
|
|a технологическая документация
|
| 610 |
1 |
|
|a технический регламент
|
| 610 |
1 |
|
|a учебные пособия
|
| 675 |
|
|
|a 615.47(075.8)
|v 4
|
| 700 |
|
1 |
|a Вейнов
|b В. П.
|g Виктор Павлович
|
| 701 |
|
1 |
|a Мусин
|b И. Н.
|g Ильдар Наилевич
|
| 801 |
|
0 |
|a RU
|b 63413507
|c 20250513
|
| 850 |
|
|
|a 63413507
|
| 942 |
|
|
|c BK
|